004640000a2200145000450024501380000065000160013865000100015465000190016465000140018365100220019704100130021970000270023210000240025977300350028310aScorpions () from Colombia. III. The scorpio-fauna of Pacific region (), with some biogeographic considerations14aEscorpiones14aFauna14aBiogeografía14aEndemismo 4dChocópColombia0 aInglés1 aFlórez Daza, Eduardo1 aLourenco, Wilson R.1 tKiel346h2q119-133d1990g11